000 00597nam a2200229Ia 4500
003 OSt
005 20221007071649.0
006 a|||||r|||| 00| 0
007 ta
008 221006b |||||||| |||| 00| 0 eng d
024 _a25,366
037 _cTextual
040 _aFLL
_cFLL
_beng
041 _2eng
_aeng
082 _aZ3,5460aw, M3
100 _aClarke Michael Ed.
245 0 _aCorruption
260 _aLondon
_bFrances Printer Limited UK
_c1983
300 _axix,290p
_ccm.
942 _hZ3,5460aw, M3
_cTEXL
_2CC
999 _c1143916
_d1143916